000 00310nam a22001217a 4500
008 171012b xxu||||| |||| 00| 0 eng d
041 _aeng
080 _a316
100 _a50
101 _aSOC
245 _aNONPARAMETRICAND DISTRIBUTION-FREE METHODS FOR THE SOCIAL SCIENCES
_cMARASCUILO,L.A
942 _2udc
_cBK
999 _c33541
_d33541